Find the State of this American city - Statistics

General Stats
  • This quiz has been taken 29 times
    11 since last reset
  • The average score is 15 of 20
Answer Stats
City State % Correct
Juneau Alaska
100%
Phoenix Arizona
100%
Fresno California
100%
San Diego California
100%
San Francisco California
100%
Denver Colorado
100%
Miami Florida
100%
Honolulu Hawaii
100%
Indianapolis Indiana
100%
Des Moines Iowa
100%
Topeka Kansas
100%
Augusta Maine
100%
Baltimore Maryland
100%
Springfield Massachusetts
100%
Boston Massachussetts
100%
Detroit Michigan
100%
Minneapolis Minnesota
100%
Billings Montana
100%
Las Vegas Nevada
100%
Concord New Hampshire
100%
Atlantic City New Jersey
100%
Santa Fe New Mexico
100%
Albuquerque New Mexico
100%
Rochester New York
100%
Greenville North Carolina
100%
Columbus Ohio
100%
Cleveland Ohio
100%
Cincinnati Ohio
100%
Columbia South Carolina
100%
Pierre South Dakota
100%
Nashville Tennessee
100%
Dallas Texas
100%
Salt Lake City Utah
100%
Richmond Virginia
100%
Olympia Washington
100%
Seattle Washington
100%
Milwaukee Wisconsin
83%
Jackson Mississippi
80%
Cheyenne Wyoming
80%
Birmingham Alabama
75%
Dover Delaware
75%
Jacksonville Florida
75%
Saint-Louis Missouri
75%
Bismarck North Dakota
75%
Pittsburgh Pennsylvania
75%
Houston Texas
75%
Montgomery Alabama
67%
Atlanta Georgia
67%
Chicago Illinois
67%
Louisville Kentucky
67%
New Orleans Louisiana
67%
Providence Rhode Island
67%
Spokane Washington
67%
Anchorage Alaska
50%
Tucson Arizona
50%
Boise Idaho
50%
Wichita Kansas
50%
Lexington Kentucky
50%
Baton Rouge Louisiana
50%
Ocean City Maryland
50%
Buffalo New York
50%
Albany New York
50%
Charlotte North Carolina
50%
Tulsa Oklahoma
50%
Portland Oregon
50%
Philadelphia Pennsylvania
50%
Sioux Falls South Dakota
50%
Memphis Tennessee
50%
Charleston West Virginia
50%
Omaha Nebraska
33%
Odessa Texas
25%
Conway Arkansas
0%
New Haven Connecticut
0%
Orlando Florida
0%
Grand Rapids Michigan
0%
Kansas City Missouri
0%
Reno Nevada
0%
Norman Oklahoma
0%
Salem Oregon
0%
Montpellier Vermont
0%
No matching quizzes found
Score Distribution
Percent of People with Each Score
Percentile by Number Answered
Your Score History
You have not taken this quiz since the last reset